[Event "Asian-ch Seniors 50 (Women)"]
[Site "Chess.com INT"]
[Date "2020.07.21"]
[Round "5.1"]
[White "Akbarpourmiri, Massoumeh"]
[Black "Ankudinova, Elena"]
[Result "1/2-1/2"]
[WhiteElo "1443"]
[BlackElo "1989"]
[PlyCount "48"]
[EventDate "2020.07.21"]
[EventType "tourn"]
[EventRounds "10"]
[EventCountry "UAE"]
[SourceTitle "EXT 2024"]
[Source "ChessBase"]
[SourceDate "2023.10.10"]
[SourceVersion "1"]
[SourceVersionDate "2023.10.10"]
[SourceQuality "1"]

1. d4 d5 2. Nf3 Nf6 3. c4 dxc4 4. Nc3 a6 5. a4 e6 6. Bg5 Bb4 7. Qc2 Nbd7 8. e3 h6 9. Bxf6 Nxf6 10. Nd2 c5 11. dxc5 Bxc5 12. Bxc4 0-0 13. 0-0 b6 14. Nce4 Bb4 15. Rad1 Bb7 16. Nxf6+ Qxf6 17. Be2 Rac8 18. Qb1 Rfd8 19. Nf3 e5 20. Rxd8+ Rxd8 21. Rd1 e4 22. Rxd8+ Qxd8 23. Nd4 Qd7 24. b3 Qc7 1/2-1/2

[Event "Asian-ch Seniors 50 (Women)"]
[Site "Chess.com INT"]
[Date "2020.07.21"]
[Round "3.2"]
[White "Akbarpourmiri, Massoumeh"]
[Black "Lourenco, Eva"]
[Result "1-0"]
[WhiteElo "1443"]
[BlackElo "1371"]
[PlyCount "149"]
[EventDate "2020.07.21"]
[EventType "tourn"]
[EventRounds "10"]
[EventCountry "UAE"]
[SourceTitle "EXT 2024"]
[Source "ChessBase"]
[SourceDate "2023.10.10"]
[SourceVersion "1"]
[SourceVersionDate "2023.10.10"]
[SourceQuality "1"]

1. d4 Nf6 2. Nf3 g6 3. g3 Bg7 4. Bg2 d6 5. 0-0 0-0 6. Re1 c6 7. Bf4 Nbd7 8. Nbd2 Re8 9. e4 e5 10. dxe5 Nxe5 11. Nxe5 dxe5 12. Bg5 Be6 13. b3 h6 14. Bxf6 Qxf6 15. Nf3 Red8 16. Qe2 Qe7 17. Rad1 Bg4 18. Qc4 Bxf3 19. Bxf3 Rxd1 20. Rxd1 Rd8 21. Qe2 Rd4 22. c3 Rd6 23. Rxd6 Qxd6 24. Qd1 Bf8 25. Kf1 Qxd1+ 26. Bxd1 f5 27. Bc2 fxe4 28. Bxe4 Kg7 29. Ke2 Kf6 30. Kd3 g5 31. g4 Ke7 32. Bf5 Kd6 33. Ke4 b6 34. Bc8 c5 35. Ba6 Bg7 36. Bc4 a5 37. Kf5 Ke7 38. f3 e4 39. fxe4 Bxc3 40. Kg6 Be5 41. Kxh6 Kf6 42. h3 Bf4 43. Kh7 Ke5 44. Bd5 b5 45. Kg6 c4 46. bxc4 bxc4 47. Bxc4 Kxe4 48. Kh5 Kf3 49. h4 gxh4 50. Kxh4 Bg3+ 51. Kh5 Kf4 52. g5 Kf5 53. Bd3+ Kf4 54. g6 Ke3 55. Bc4 Be5 56. Kh6 Kd4 57. Be6 Kc3 58. g7 Bxg7+ 59. Kxg7 a4 60. Kf6 a3 61. Ke5 Kb4 62. Kd4 Ka4 63. Kc4 Ka5 64. Kb3 Kb5 65. Kxa3 Ka5 66. Kb3 Kb5 67. a4+ Ka5 68. Bd7 Kb6 69. Kb4 Kb7 70. a5 Ka7 71. Kb5 Kb7 72. a6+ Ka7 73. Bc6 Kb8 74. Kb6 Kc8 75. a7 1-0

[Event "Asian-ch Seniors 50 (Women)"]
[Site "Chess.com INT"]
[Date "2020.07.21"]
[Round "1.2"]
[White "Ohnmar, Soe"]
[Black "Akbarpourmiri, Massoumeh"]
[Result "1-0"]
[WhiteElo "1617"]
[BlackElo "1443"]
[PlyCount "57"]
[EventDate "2020.07.21"]
[EventType "tourn"]
[EventRounds "10"]
[EventCountry "UAE"]
[SourceTitle "EXT 2024"]
[Source "ChessBase"]
[SourceDate "2023.10.10"]
[SourceVersion "1"]
[SourceVersionDate "2023.10.10"]
[SourceQuality "1"]

1. b3 d5 2. Bb2 d4 3. e3 c5 4. Bb5+ Bd7 5. Bxd7+ Qxd7 6. Nf3 g6 7. exd4 Bg7 8. c3 Nc6 9. 0-0 cxd4 10. c4 Nf6 11. d3 0-0 12. Nbd2 Rad8 13. Re1 e6 14. a3 Nh5 15. Ne4 f5 16. Nc5 Qc8 17. Nxe6 Rfe8 18. Nxd8 Qxd8 19. Rxe8+ Qxe8 20. Qe1 Qd7 21. Qd2 f4 22. Re1 Ne7 23. Re4 Nc6 24. Qe1 Kf8 25. Re6 h6 26. Rxg6 Ne7 27. Re6 Nf5 28. Qe4 Nd6 29. Qd5 1-0

[Event "Asian-ch Seniors zt 50 3.1"]
[Site "Chess.com INT"]
[Date "2020.07.13"]
[Round "1.11"]
[White "Mohandesi, Shahin"]
[Black "Akbarpourmiri, Massoumeh"]
[Result "1-0"]
[WhiteElo "1995"]
[BlackElo "1443"]
[PlyCount "83"]
[EventDate "2020.07.13"]
[EventType "swiss"]
[EventRounds "7"]
[EventCountry "JOR"]
[SourceTitle "EXT 2024"]
[Source "ChessBase"]
[SourceDate "2023.10.10"]
[SourceVersion "1"]
[SourceVersionDate "2023.10.10"]
[SourceQuality "1"]

1. d4 Nf6 2. Nf3 g6 3. Bg5 Bg7 4. e3 d5 5. Nbd2 0-0 6. Bd3 Bg4 7. h3 Bxf3 8. Nxf3 Nbd7 9. c3 c5 10. 0-0 Rc8 11. Bc2 c4 12. Nd2 Re8 13. e4 dxe4 14. Nxe4 Nxe4 15. Bxe4 b6 16. Re1 Nf6 17. Bf3 e6 18. Qd2 Qd7 19. Re2 Nd5 20. Rae1 b5 21. Bh6 a5 22. Bxg7 Kxg7 23. Re5 Re7 24. Bxd5 Rce8 25. Bf3 f6 26. R5e2 e5 27. dxe5 Qxd2 28. Rxd2 Rxe5 29. Rxe5 Rxe5 30. Rd5 Re1+ 31. Kh2 Re5 32. Rxe5 fxe5 33. Bc6 b4 34. Bd5 bxc3 35. bxc3 Kf6 36. Bxc4 Ke7 37. Kg3 Kd6 38. Kf3 Kc5 39. Bg8 h6 40. Ke4 Kd6 41. h4 a4 42. a3 1-0